000 00873cab a2200265 4500
001 WB2415-28
008 090401t1988 xxu||||| |||| 00| 0 eng d
035 _a(Sirsi) u19477
041 _aeng
245 _aNegligent mortgage valuations
260 _c1988
350 _a0
490 _aEstates Gazette
_vNo 8814 9/4/88 p71
520 _aA review of cases since Yianni concerning the extent to which house buyers can pursue negligence claims for mortgage valuation s.
650 _aCURRAN V NORTHERN IRELAND CO OWNERSHIP HOUSING ASSOCIATION
650 _aHARRIS V WYRE FOREST DC
650 _aMORTGAGES
650 _aSMITH V ERIC S BUSH
650 _aWARD V MCMASTER
650 _aWESTLAKE V BRACKNELL DC
650 _aYIANNI V EDWIN EVANS AND SONS
690 _aMANAGEMENT-BUSINESS MANAGEMENT-PROFESSIONAL PRACTICE
942 _n0
948 _c04/03/1997
999 _c13005
_d13005